Tres discursos tomados de su libro Pequeñas y serias cuestiones sociales / (Record no. 17191)

MARC details
000 -LEADER
campo de control de longitud fija 02047nam a2200373 i 4500
001 - NÚMERO DE CONTROL
campo de control 17191
003 - IDENTIFICADOR DE NÚMERO DE CONTROL
campo de control ES-MaACL
005 - FECHA Y HORA DE LA ÚLTIMA TRANSACCIÓN
campo de control 20250902063050.0
007 - CAMPO FIJO DE DESCRIPCIÓN FÍSICA--INFORMACIÓN GENERAL
campo de control de longitud fija t|
008 - DATOS DE LONGITUD FIJA--INFORMACIÓN GENERAL
campo de control de longitud fija 010117s1920 sp ac |r 101 0|spa
040 ## - FUENTE DE CATALOGACIÓN
Centro/agencia transcriptor ES-MaACL
080 ## - NÚMERO DE LA CLASIFICACIÓN DECIMAL UNIVERSAL
Número de la Clasificación Decimal Universal 396(460)"19"
100 1# - ENTRADA PRINCIPAL--NOMBRE DE PERSONA
Nombre de persona Valero de Mazas, María,
Fechas asociadas al nombre 1874-1943
Término indicativo de función/relación Autor
9 (RLIN) 112675
245 10 - MENCIÓN DEL TÍTULO
Título Tres discursos tomados de su libro Pequeñas y serias cuestiones sociales /
Mención de responsabilidad, etc. María Valero de Mazas.
246 1# - FORMA VARIANTE DEL TITULO
Título propio/Titulo breve 3 discursos tomados de su libro Pequeñas y serias cuestiones sociales
246 1# - FORMA VARIANTE DEL TITULO
Título propio/Titulo breve Charla sobre el encauzamiento del feminismo español
246 1# - FORMA VARIANTE DEL TITULO
Título propio/Titulo breve Charla jurídico-social (por las mujeres y para los hombres)
260 ## - PUBLICACIÓN, DISTRIBUCIÓN, ETC.
Lugar de publicación, distribución, etc. Granada :
Nombre del editor, distribuidor, etc. Urania,
Fecha de publicación, distribución, etc. [1920]
300 ## - DESCRIPCIÓN FÍSICA
Extensión IV, 96 páginas :
Otras características físicas 1 retrato, [1] hoja de lámina (blanco y negro) ;
Dimensiones 17 cm
490 1# - MENCIÓN DE SERIE
Mención de serie Biblioteca feminista (Urania)
Designación de volumen o secuencia 1
505 0# - NOTA DE CONTENIDO CON FORMATO
Nota de contenido con formato 3 conferencias dadas en el Ateneo de Madrid: Charla sobre el encauzamiento del feminismo español: feminismo albicante dicha... en el Ateneo de Madrid, el 12 de mayo de 1919 (tomada taquigráficamente); Charla jurídico-social (por las mujeres y para los hombres): dada en el Ateneo de Madrid, el 2 de marzo de 1920; El pauperismo y el paupérrimo intelectual (protectorado del talento español), 15 de diciembre de 1920
530 ## - NOTA DISPONIBLE DE FORMULARIO FÍSICO ADICIONAL
Nota de formato físico adicional disponible Disponible en formato digital
610 24 - PUNTO DE ACCESO ADICIONAL DE MATERIA--NOMBRE DE ENTIDAD CORPORATIVA
Nombre de entidad corporativa o nombre de jurisdicción como elemento de entrada Ateneo de Madrid-
Subdivisión de forma Conferencias-
Subdivisión cronológica 1900-1939
9 (RLIN) 1907
650 #4 - PUNTO DE ACCESO ADICIONAL DE MATERIA--TÉRMINO DE MATERIA
Término de materia o nombre geográfico como elemento de entrada Feminismo-
Subdivisión geográfica España-
Subdivisión cronológica S.XX
9 (RLIN) 166951
655 #4 - TERMINO DE INDIZACIÓN--GENERO/FORMA
Datos o término principal de género/forma Conferencias
9 (RLIN) 234444
740 32 - ENTRADA AGREGADA--TÍTULO RELACIONADO/ANALÍTICO NO CONTROLADO
Título relacionado o analítico no controlado El pauperismo y el paupérrimo intelectual (protectorado del talento español)
830 #0 - PUNTO DE ACCESO ADICIONAL DE SERIE-TÍTULO UNIFORME
Título uniforme Biblioteca feminista (Urania) ;
Designación de volumen o secuencia 1
9 (RLIN) 242182
852 4# - LOCALIZACIÓN
Ubicación ES-MaACL
Ubicación en estantería Sala Pecera Planta 3
Anotaciones manuscritas Dedicatoria autógrafa de la autora
Número de control de estantería G-13215
852 4# - LOCALIZACIÓN
Ubicación ES-MaACL
Ubicación en estantería Sala Pardo Bazán
Anotaciones manuscritas Dedicatoria autógrafa de la autora
Número de control de estantería B-13259
856 ## - LOCALIZACIÓN Y ACCESO ELECTRÓNICOS
Identificador Uniforme de Recursos <a href="https://bdh-rd.bne.es/viewer.vm?id=0000261359&page=1">https://bdh-rd.bne.es/viewer.vm?id=0000261359&page=1</a>
Texto de enlace Versión en línea
Nota pública (Biblioteca Digital Hispánica)
942 ## - ELEMENTOS DE ENTRADA SECUNDARIOS (KOHA)
Tipo de ítem Koha Libro impreso
Suprimir en OPAC No
Holdings
Estatus retirado Estado de pérdida Fuente del sistema de clasificación o colocación Estado de daño No para préstamo Colección Biblioteca de origen Biblioteca actual Ubicación en estantería Fecha de adquisición Total de préstamos Signatura topográfica completa Código de barras Visto por última vez Tipo de ítem Koha Nota pública
    Clasificación decimal universal     Colección digital Biblioteca del Ateneo de Madrid Biblioteca del Ateneo de Madrid Sala Pardo Bazán 17/01/2008   B-13259 1017538 23/02/2023 Libro impreso Dedicatoria autógrafa de la autora
    Clasificación decimal universal     Colección digital Biblioteca del Ateneo de Madrid Biblioteca del Ateneo de Madrid Sala Pecera Planta 3 17/01/2008   G-13215 1017537 23/02/2023 Libro impreso Dedicatoria autógrafa de la autora